000 00503nam a22001937a 4500
003 NUST - PNEC
005 20170116180802.0
008 150416b xxu||||| |||| 00| 0 eng d
020 _a1857531310
040 _cLIBRARY
082 _a359.058 CLA
100 _92654
_aClarke, Michael
245 _aBrassey's defence yearbook 1995
_cMichael Clarke
250 _a-
260 _aLondon
_bBrassey's
_cc1995.
300 _a396 p. :
_c23 cm.
650 _92656
_aWorld politics
_xGeneral
942 _2ddc
_cBK
999 _c63021
_d63021